[Event "NAYCC U14 w"]
[Site "Toronto CAN"]
[Date "2013.08.18"]
[Round "9"]
[White "Dhingra, Sangeeta"]
[Black "Thanabalachandran, Luxiga"]
[Result "1-0"]
[WhiteElo "1803"]
[BlackElo "1030"]
[PlyCount "121"]
[GameId "2160767909292466"]
[EventDate "2013.08.14"]
[EventType "swiss"]
[EventRounds "9"]
[EventCountry "CAN"]
[SourceTitle "hb 2013"]

1. e4 e6 2. d4 d5 3. e5 c5 4. c3 Nc6 5. Nf3 Qb6 6. a3 a5 7. Bd3 Nh6 8. O-O Bd7 9. Bc2 Nf5 10. Bxf5 exf5 11. Qd3 Be7 12. Rd1 O-O 13. Nbd2 f6 14. Nf1 Be6 15. Rb1 Rfd8 16. Ng3 g6 17. Qe2 Bf7 18. Bf4 g5 19. Bc1 Bg6 20. exf6 Bxf6 21. Qe6+ Kg7 22. Nxf5+ Bxf5 23. Qxf5 cxd4 24. Nxg5 Bxg5 25. Qxg5+ Kh8 26. cxd4 Nxd4 27. Qe5+ Kg8 28. Qxd4 Qxd4 29. Rxd4 b6 30. Be3 b5 31. Rbd1 Rab8 32. Rxd5 Rxd5 33. Rxd5 a4 34. Kf1 Kf7 35. Rd7+ Kg6 36. Ke2 Rc8 37. Kd3 h5 38. Rd6+ Kg7 39. Rd5 Rb8 40. Rxh5 Kg6 41. Rg5+ Kf6 42. Rd5 Ke6 43. Ke4 Kf6 44. Bd4+ Ke6 45. g4 Kf7 46. h4 Kg6 47. h5+ Kh6 48. Be3+ Kh7 49. g5 Kg7 50. Bd4+ Kh7 51. Kf5 Rf8+ 52. Bf6 Rb8 53. Rd7+ Kg8 54. Rd8+ Rxd8 55. Bxd8 Kh7 56. Kf6 Kg8 57. g6 Kf8 58. g7+ Kg8 59. h6 Kh7 60. Kf7 b4 61. g8=Q+ 1-0

[Event "NAYCC U14 w"]
[Site "Toronto CAN"]
[Date "2013.08.18"]
[Round "9"]
[White "Ding, Kimberly"]
[Black "Ravishankar, Rakshaa"]
[Result "1-0"]
[WhiteElo "2012"]
[BlackElo "1431"]
[PlyCount "93"]
[GameId "2160767909292467"]
[EventDate "2013.08.14"]
[EventType "swiss"]
[EventRounds "9"]
[EventCountry "CAN"]
[SourceTitle "hb 2013"]

1. e4 e6 2. d4 d5 3. Nd2 Nf6 4. e5 Nfd7 5. Bd3 c5 6. c3 Nc6 7. Ne2 cxd4 8. cxd4 f6 9. exf6 Qxf6 10. Nf3 h6 11. O-O Bd6 12. a3 O-O 13. Bc2 Re8 14. Ng3 Nf8 15. Re1 Bd7 16. Qd3 Re7 17. Bd2 Be8 18. Qe3 Bg6 19. Bb3 Rc8 20. Rac1 Ree8 21. Ne2 Nd7 22. Nc3 a6 23. h3 Bb8 24. Ba2 Ba7 25. Ne2 Be4 26. Bc3 b5 27. Nd2 Bg6 28. Nf1 Bb6 29. Nfg3 Na5 30. Nf4 Bf7 31. Nfh5 Bxh5 32. Nxh5 Qf7 33. Nf4 Nf8 34. Nd3 Nd7 35. Bxa5 Bxa5 36. Rxc8 Rxc8 37. b4 Bb6 38. Nc5 Nb8 39. Qxe6 Qxe6 40. Rxe6 Bd8 41. Bxd5 Kh8 42. Re8+ Kh7 43. Be6 Rc7 44. Rxd8 Nc6 45. Rd6 Ne7 46. Rxa6 Ng6 47. Bf5 1-0

[Event "NAYCC U14 w"]
[Site "Toronto CAN"]
[Date "2013.08.18"]
[Round "9"]
[White "Gao, Christine"]
[Black "Serban, Diana"]
[Result "1-0"]
[WhiteElo "1472"]
[BlackElo "1253"]
[PlyCount "61"]
[GameId "2160767909292468"]
[EventDate "2013.08.14"]
[EventType "swiss"]
[EventRounds "9"]
[EventCountry "CAN"]
[SourceTitle "hb 2013"]

1. e4 c5 2. Nf3 d6 3. d4 cxd4 4. Nxd4 Nf6 5. Nc3 g6 6. Be3 Nc6 7. f3 Bg7 8. g4 a6 9. Qd2 Bd7 10. O-O-O b5 11. h4 h5 12. g5 Nh7 13. Nd5 Nf8 14. Nxc6 Bxc6 15. Bb6 Qb8 16. Nc7+ Kd7 17. Nxa8 Bxa8 18. Bd4 Bxd4 19. Qxd4 Rh7 20. Bh3+ Ne6 21. Bxe6+ fxe6 22. f4 Rf7 23. Rhf1 Qb7 24. Rde1 e5 25. Qe3 Qc6 26. f5 d5 27. exd5 Qxd5 28. Rd1 Rxf5 29. Rxd5+ Bxd5 30. Rxf5 gxf5 31. Qxe5 1-0

[Event "NAYCC U14 w"]
[Site "Toronto CAN"]
[Date "2013.08.18"]
[Round "9"]
[White "Kathirkamar, Vaanie"]
[Black "Li, Kristen"]
[Result "0-1"]
[WhiteElo "1001"]
[BlackElo "1626"]
[PlyCount "180"]
[GameId "2160767909292469"]
[EventDate "2013.08.14"]
[EventType "swiss"]
[EventRounds "9"]
[EventCountry "CAN"]
[SourceTitle "hb 2013"]

1. e4 c5 2. Ne2 d6 3. g3 Nf6 4. Bg2 Nc6 5. c3 Bg4 6. h3 Bh5 7. d3 e6 8. Be3 Be7 9. O-O O-O 10. Re1 Ne5 11. Rf1 Bf3 12. Bxf3 Nxf3+ 13. Kg2 Ne5 14. f4 Nc6 15. Nd2 e5 16. f5 d5 17. Qc2 d4 18. Bf2 Qd6 19. cxd4 Nxd4 20. Nxd4 exd4 21. g4 Nd7 22. Bg3 Qa6 23. Nc4 b5 24. Ne5 Nxe5 25. Bxe5 Rfd8 26. b3 Rac8 27. Rf3 Qc6 28. Raf1 f6 29. Bg3 c4 30. Bh4 cxd3 31. Qxd3 Qc2+ 32. Kg1 Qxa2 33. Qxb5 Rb8 34. Qc4+ Kh8 35. Rc1 Qa5 36. Bf2 Qb4 37. Qe2 Rbc8 38. Rxc8 Rxc8 39. Rd3 Rd8 40. h4 Qa3 41. Kg2 Bc5 42. g5 Qa6 43. g6 Qb6 44. gxh7 Kxh7 45. Qh5+ Kg8 46. Qe2 Qc7 47. Bg3 Qe7 48. Bf2 Bb6 49. h5 Rd5 50. Qg4 Rd7 51. h6 Qe8 52. Rh3 Re7 53. Rd3 Kh7 54. Bxd4 Bxd4 55. Rxd4 gxh6 56. Qd1 Rxe4 57. Rd7+ Re7 58. Rxe7+ Qxe7 59. Qc2 Qb7+ 60. Kh3 Qf3+ 61. Kh2 Qf4+ 62. Kh3 h5 63. Qd3 Qg4+ 64. Kh2 Kh6 65. Kh1 Kg5 66. Qe3+ Kxf5 67. Qxa7 Qd1+ 68. Kg2 Qc2+ 69. Qf2+ Qxf2+ 70. Kxf2 Ke4 71. Kg3 f5 72. b4 Kd5 73. Kf4 h4 74. Kf3 Kc4 75. Kg2 f4 76. Kf2 Kxb4 77. Kg2 Kc4 78. Kf2 Kd3 79. Kf3 h3 80. Kf2 Ke4 81. Ke2 h2 82. Kf2 h1=Q 83. Ke2 Qf3+ 84. Ke1 Kd4 85. Kd2 Qe3+ 86. Kc2 Qd3+ 87. Kb2 Qc3+ 88. Ka2 Qb4 89. Ka1 Kc3 90. Ka2 Qb2# 0-1

[Event "NAYCC U14 w"]
[Site "Toronto CAN"]
[Date "2013.08.18"]
[Round "9"]
[White "Kulkarni, Soumya"]
[Black "Xiang, Evan"]
[Result "1/2-1/2"]
[WhiteElo "1769"]
[BlackElo "1944"]
[PlyCount "43"]
[GameId "2160767909292470"]
[EventDate "2013.08.14"]
[EventType "swiss"]
[EventRounds "9"]
[EventCountry "CAN"]
[SourceTitle "hb 2013"]

1. d4 Nf6 2. Bg5 d5 3. e3 Bf5 4. c4 c6 5. Nd2 e6 6. Qb3 Qb6 7. Ngf3 Be7 8. Rc1 Qxb3 9. Nxb3 Bb4+ 10. Nfd2 Ne4 11. Bf4 g5 12. Bg3 Nd7 13. a3 Nxg3 14. hxg3 Bd6 15. Nf3 f6 16. cxd5 exd5 17. Kd2 a5 18. Bd3 Bxd3 19. Kxd3 a4 20. Nc5 Nxc5+ 21. dxc5 Be7 22. Rc2 1/2-1/2

[Event "NAYCC U14 w"]
[Site "Toronto CAN"]
[Date "2013.08.18"]
[Round "9"]
[White "Roque, Fernanda"]
[Black "Cherepakhin, Olga"]
[Result "1/2-1/2"]
[WhiteElo "1554"]
[BlackElo "1669"]
[PlyCount "79"]
[GameId "2160767909292471"]
[EventDate "2013.08.14"]
[EventType "swiss"]
[EventRounds "9"]
[EventCountry "CAN"]
[SourceTitle "hb 2013"]

1. c4 e5 2. Nc3 Nf6 3. Nf3 Nc6 4. g3 Bb4 5. Bg2 O-O 6. O-O d6 7. d4 Bxc3 8. bxc3 Bf5 9. Ba3 Re8 10. d5 Ne7 11. Nh4 Bg6 12. Nxg6 Nxg6 13. e4 a6 14. Rb1 Rb8 15. c5 Qd7 16. c4 b6 17. c6 Qe7 18. Qa4 a5 19. Rb5 h5 20. h4 Ng4 21. Qd1 Nxh4 22. Bh3 Ng6 23. Bxg4 hxg4 24. Qxg4 Nh8 25. Kg2 f6 26. Rh1 Kf7 27. Rh7 Ng6 28. Rb1 Rh8 29. Rbh1 Rxh7 30. Rxh7 Rh8 31. Rxh8 Nxh8 32. Kh2 Ng6 33. Bc1 Qe8 34. Kg2 Ke7 35. Qe6+ Kd8 36. Qxe8+ Kxe8 37. Kf3 Ne7 38. Ke2 Kf7 39. Kd3 Kg6 40. g4 1/2-1/2

[Event "NAYCC U14 w"]
[Site "Toronto CAN"]
[Date "2013.08.18"]
[Round "9"]
[White "Tao, Rachel"]
[Black "Pobereshnikova, Agniya"]
[Result "1-0"]
[WhiteElo "1659"]
[BlackElo "1547"]
[PlyCount "115"]
[GameId "2160767909292473"]
[EventDate "2013.08.14"]
[EventType "swiss"]
[EventRounds "9"]
[EventCountry "CAN"]
[SourceTitle "EXT 2022"]
[Source "ChessBase"]
[SourceDate "2021.10.06"]
[SourceVersion "1"]
[SourceVersionDate "2021.10.06"]
[SourceQuality "1"]

1. e4 d5 2. exd5 Nf6 3. c4 c6 4. dxc6 Nxc6 5. Nf3 e5 6. Nc3 Bc5 7. h3 O-O 8. Be2 Bf5 9. O-O Re8 10. d3 h6 11. Be3 Nd4 12. Bxd4 Bxd4 13. Qb3 Bc5 14. Rad1 Re6 15. Nb5 Rb6 16. Qc3 a6 17. Qxe5 axb5 18. Qxf5 Be7 19. cxb5 Rxa2 20. Rd2 Nd5 21. Rc1 g6 22. Qg4 h5 23. Qc4 Ra5 24. Rdc2 Raxb5 25. Ne5 Bf6 26. d4 Rb4 27. Qc5 Bxe5 28. dxe5 Rxb2 29. Rxb2 Rxb2 30. Bf3 Ne7 31. Qd6 Rd2 32. Qxd8+ Rxd8 33. Bxb7 Nf5 34. Re1 Re8 35. Bd5 Kf8 36. f4 f6 37. e6 Nd4 38. Re4 Nb5 39. Bc6 Nd6 40. Bxe8 Nxe4 41. Bxg6 Nc5 42. f5 h4 43. Kf2 Kg7 44. e7 Ne4+ 45. Ke3 Nd6 46. e8=Q Nxe8 47. Bxe8 Kh6 48. Kf4 Kg7 49. Kg4 Kf8 50. Bg6 Kg7 51. Kxh4 Kh6 52. g4 Kg7 53. Kh5 Kh8 54. Kh6 Kg8 55. Be8 Kf8 56. Kg6 Kxe8 57. Kg7 Ke7 58. h4 1-0

[Event "NAYCC U14 w"]
[Site "Toronto CAN"]
[Date "2013.08.18"]
[Round "9"]
[White "Yu, Cindy"]
[Black "Wang, Sophie"]
[Result "0-1"]
[WhiteElo "1332"]
[BlackElo "1346"]
[PlyCount "66"]
[GameId "2160767909292474"]
[EventDate "2013.08.14"]
[EventType "swiss"]
[EventRounds "9"]
[EventCountry "CAN"]
[SourceTitle "hb 2013"]

1. e4 c5 2. Nf3 Nc6 3. d4 cxd4 4. Nxd4 Nf6 5. Nc3 e5 6. Ndb5 d6 7. Bg5 a6 8. Na3 b5 9. Nd5 Be7 10. Bxf6 Bxf6 11. c3 O-O 12. Nc2 Bg5 13. Be2 Be6 14. O-O Ne7 15. Nce3 Nxd5 16. Nxd5 f5 17. exf5 Bxf5 18. c4 bxc4 19. Bxc4 Kh8 20. f4 exf4 21. Nxf4 Qb6+ 22. Kh1 Bxf4 23. Rxf4 Qxb2 24. Rf1 Be4 25. Qg4 d5 26. Bb3 Rf2 27. Rxf2 Qxf2 28. Rc1 Rf8 29. h3 h6 30. Rg1 Qf5 31. Qg3 Rf6 32. Qe3 Rg6 33. Qe2 Qxh3# 0-1

[Event "NAYCC U16"]
[Site "Toronto CAN"]
[Date "2013.08.14"]
[Round "1"]
[White "Ding, Andrew"]
[Black "Thanabalachandran, Kajan"]
[Result "1-0"]
[WhiteElo "2228"]
[BlackElo "1823"]
[PlyCount "125"]
[GameId "2160767909292476"]
[EventDate "2013.08.14"]
[EventType "swiss"]
[EventRounds "9"]
[EventCountry "CAN"]
[SourceTitle "hb 2013"]

1. d4 Nf6 2. c4 g6 3. Nc3 Bg7 4. e4 d6 5. Be2 O-O 6. Nf3 e5 7. O-O Nc6 8. d5 Ne7 9. Ne1 Nd7 10. Be3 f5 11. f3 f4 12. Bf2 g5 13. Nb5 a6 14. Na7 h5 15. Rc1 Kh8 16. b4 b6 17. Nxc8 Qxc8 18. c5 bxc5 19. bxc5 Nxc5 20. Qc2 c6 21. Bxc5 dxc5 22. Qxc5 cxd5 23. Qa3 Qe6 24. Nd3 a5 25. Kh1 Rfe8 26. exd5 Nxd5 27. Nc5 Qe7 28. Qd3 Ne3 29. Qg6 Rec8 30. Bd3 Kg8 31. Ne4 Qf7 32. Qxf7+ Kxf7 33. Nd6+ Kf8 34. Rxc8+ Rxc8 35. Nxc8 Nxf1 36. Bxf1 Kf7 37. a4 Bf8 38. Bc4+ Kf6 39. Nb6 Kf5 40. Bd5 g4 41. Nc4 Bb4 42. Kg1 Bc3 43. Kf2 h4 44. fxg4+ Kxg4 45. h3+ Kf5 46. Nd6+ Kg6 47. Kf3 Kh5 48. Bf7+ Kh6 49. Kg4 Kg7 50. Bd5 Be1 51. Nf5+ Kf6 52. Nxh4 Bxh4 53. Kxh4 Kf5 54. g4+ fxg3 55. Kxg3 e4 56. h4 Ke5 57. Bc6 Kd4 58. h5 Kd3 59. h6 e3 60. h7 Kd2 61. Bb5 e2 62. Bxe2 Kxe2 63. h8=Q 1-0

[Event "NAYCC U16"]
[Site "Toronto CAN"]
[Date "2013.08.14"]
[Round "1"]
[White "Karamsetty, Jeevan"]
[Black "Jeyapragasan, Kuhan"]
[Result "1-0"]
[WhiteElo "2196"]
[BlackElo "1768"]
[PlyCount "59"]
[GameId "2160767909292477"]
[EventDate "2013.08.14"]
[EventType "swiss"]
[EventRounds "9"]
[EventCountry "CAN"]
[SourceTitle "hb 2013"]

1. e4 c5 2. Nf3 g6 3. d4 Bg7 4. c3 d5 5. e5 cxd4 6. cxd4 Nc6 7. Nc3 e6 8. Nb5 Bf8 9. a3 a6 10. Nc3 Nge7 11. Bd3 Bg7 12. Be3 O-O 13. Qd2 Nf5 14. Bxf5 exf5 15. O-O f6 16. Bf4 Re8 17. Rad1 fxe5 18. dxe5 Nxe5 19. Nxe5 Bxe5 20. Nxd5 b5 21. Rfe1 Bxf4 22. Rxe8+ Qxe8 23. Qxf4 Qe2 24. Qd4 Bb7 25. Nf6+ Kg7 26. Nh5+ Kh6 27. Nf6 Kg7 28. Ng4+ Kf8 29. Qh8+ Ke7 30. Qg7+ 1-0

[Event "NAYCC U16"]
[Site "Toronto CAN"]
[Date "2013.08.14"]
[Round "1"]
[White "Li, Robert"]
[Black "Fu, James"]
[Result "0-1"]
[WhiteElo "1847"]
[BlackElo "2233"]
[PlyCount "40"]
[GameId "2160767909292478"]
[EventDate "2013.08.14"]
[EventType "swiss"]
[EventRounds "9"]
[EventCountry "CAN"]
[SourceTitle "hb 2013"]

1. e4 e5 2. Nf3 Nc6 3. Bc4 Bc5 4. c3 Nf6 5. d3 h6 6. h3 O-O 7. Be3 Bb6 8. Bb3 d5 9. exd5 Nxd5 10. Bxb6 axb6 11. O-O Nf4 12. Bc2 Bf5 13. Re1 Re8 14. d4 Bxc2 15. Qxc2 exd4 16. Rd1 d3 17. Qd2 Qf6 18. Nd4 Nxd4 19. cxd4 Re2 20. Qc3 Nxh3+ 0-1

[Event "NAYCC U16"]
[Site "Toronto CAN"]
[Date "2013.08.14"]
[Round "1"]
[White "Mattekatt, Joe"]
[Black "Song, Terry"]
[Result "0-1"]
[WhiteElo "871"]
[BlackElo "2171"]
[PlyCount "74"]
[GameId "2160767909292479"]
[EventDate "2013.08.14"]
[EventType "swiss"]
[EventRounds "9"]
[EventCountry "CAN"]
[SourceTitle "hb 2013"]

1. d4 Nf6 2. c4 c5 3. d5 b5 4. e3 Bb7 5. a4 b4 6. Nd2 g6 7. b3 Bg7 8. Bb2 d6 9. Ngf3 O-O 10. Bd3 e5 11. e4 Nh5 12. O-O Bc8 13. h3 Bh6 14. Nh2 Nf4 15. Ndf3 f5 16. Nxe5 dxe5 17. Bxe5 Qg5 18. Bxf4 Qxf4 19. exf5 Bxf5 20. Bxf5 Qxf5 21. Qg4 Nd7 22. Qxf5 gxf5 23. f4 Rae8 24. Rf3 Re4 25. Raf1 Rfe8 26. g4 Rf8 27. g5 Bg7 28. Rd1 Bd4+ 29. Kf1 Be3 30. Re1 Bxf4 31. Rxe4 fxe4 32. Rf2 Bxh2 33. Rxf8+ Kxf8 34. Ke2 Bf4 35. h4 Ke7 36. Kf2 Kd6 37. Ke2 Ke5 0-1

[Event "NAYCC U16"]
[Site "Toronto CAN"]
[Date "2013.08.14"]
[Round "1"]
[White "Polavarapu, Satyaveer"]
[Black "Wang, Jalen"]
[Result "0-1"]
[WhiteElo "1806"]
[BlackElo "2167"]
[PlyCount "34"]
[GameId "2160767909292480"]
[EventDate "2013.08.14"]
[EventType "swiss"]
[EventRounds "9"]
[EventCountry "CAN"]
[SourceTitle "hb 2013"]

1. e4 e6 2. d4 d5 3. e5 c5 4. Nf3 cxd4 5. Nxd4 Ne7 6. Bg5 a6 7. c4 h6 8. Bxe7 Bxe7 9. cxd5 Qxd5 10. f4 O-O 11. Nc3 Bb4 12. a3 Bxc3+ 13. bxc3 Qe4+ 14. Ne2 Nc6 15. Kf2 f6 16. exf6 Rxf6 17. Kg1 Qe3# 0-1

[Event "NAYCC U16"]
[Site "Toronto CAN"]
[Date "2013.08.14"]
[Round "1"]
[White "Qian, Lanting"]
[Black "Nasir, Zehn"]
[Result "0-1"]
[WhiteElo "1518"]
[BlackElo "2089"]
[PlyCount "118"]
[GameId "2160767909292481"]
[EventDate "2013.08.14"]
[EventType "swiss"]
[EventRounds "9"]
[EventCountry "CAN"]
[SourceTitle "hb 2013"]

1. d4 Nf6 2. Nf3 d5 3. c4 c6 4. Nc3 e6 5. Bg5 Nbd7 6. e3 Bb4 7. Qc2 Qa5 8. Nd2 dxc4 9. Bxf6 Nxf6 10. Nxc4 Qc7 11. a3 Be7 12. Bd3 O-O 13. e4 h6 14. e5 Nd5 15. O-O Nxc3 16. bxc3 a6 17. Ne3 c5 18. a4 Rd8 19. Rfd1 Bd7 20. f4 cxd4 21. cxd4 Qxc2 22. Bxc2 Rac8 23. Be4 Rc3 24. Kf2 b5 25. d5 Bc5 26. Rd3 Rxd3 27. Bxd3 exd5 28. axb5 axb5 29. Rc1 Bb6 30. Ke2 Be8 31. Rb1 Bxe3 32. Kxe3 d4+ 33. Kd2 Rd5 34. Rb4 g5 35. Be4 Rc5 36. g3 Rc4 37. Rb2 Kf8 38. Bd5 Rc5 39. Be4 gxf4 40. gxf4 Ke7 41. Kd3 Rc4 42. Bd5 Ra4 43. f5 Bd7 44. f6+ Ke8 45. Bb3 Bf5+ 46. Kd2 Ra5 47. Bd5 b4 48. Bc6+ Bd7 49. Bxd7+ Kxd7 50. Rxb4 Rxe5 51. Rxd4+ Ke6 52. Rh4 h5 53. Rf4 Rf5 54. Ke3 Kxf6 55. Ke4 Rxf4+ 56. Kxf4 Kg6 57. h3 Kf6 58. h4 Kg6 59. Ke5 f6+ 0-1

[Event "NAYCC U16"]
[Site "Toronto CAN"]
[Date "2013.08.14"]
[Round "1"]
[White "Sun, Mike"]
[Black "Song, Edward"]
[Result "0-1"]
[WhiteElo "2021"]
[BlackElo "2311"]
[PlyCount "138"]
[GameId "2160767909292482"]
[EventDate "2013.08.14"]
[EventType "swiss"]
[EventRounds "9"]
[EventCountry "CAN"]
[SourceTitle "hb 2013"]

1. e4 c5 2. c3 d6 3. d4 Nf6 4. Bd3 g6 5. h3 Bg7 6. Nf3 O-O 7. O-O Qc7 8. Re1 e5 9. dxe5 dxe5 10. Qe2 Nbd7 11. a4 b6 12. Nbd2 Bb7 13. b4 Nh5 14. g3 Rae8 15. Bb2 Kh8 16. a5 f5 17. axb6 axb6 18. Rad1 Ndf6 19. b5 fxe4 20. Nxe4 Bc8 21. Qf1 Ng8 22. Nfd2 Rd8 23. Bb1 Bb7 24. Qe2 Nhf6 25. c4 Nxe4 26. Nxe4 Nh6 27. Rxd8 Rxd8 28. Ng5 Qe7 29. Nf3 Nf7 30. h4 Re8 31. h5 e4 32. Nh4 Qg5 33. hxg6 hxg6 34. Bxg7+ Kxg7 35. Qb2+ Qf6 36. Qxf6+ Kxf6 37. Ng2 Ng5 38. Rd1 Nf3+ 39. Kf1 Nd4 40. Ne3 Rh8 41. Kg2 Ke5 42. Ng4+ Ke6 43. Ne3 Nf3 44. Rh1 Rxh1 45. Kxh1 Ke5 46. Bc2 Kd4 47. Bd1 Ne5 48. Be2 Nf7 49. Kg2 Nd6 50. g4 g5 51. Kf1 Ne8 52. Kg2 Nf6 53. Kg3 Bc8 54. Kg2 Be6 55. Nf5+ Bxf5 56. gxf5 Ke5 57. f3 Kxf5 58. fxe4+ Kxe4 59. Kg3 Kd4 60. Kf3 Nd7 61. Kg4 Ne5+ 62. Kxg5 Nxc4 63. Kf6 Nb2 64. Ke6 c4 65. Kd6 c3 66. Kc6 c2 67. Kxb6 c1=Q 68. Kb7 Na4 69. b6 Qc5 0-1

[Event "NAYCC U16"]
[Site "Toronto CAN"]
[Date "2013.08.14"]
[Round "1"]
[White "Velikanov, Alexander"]
[Black "Qian, Owen"]
[Result "1-0"]
[WhiteElo "2332"]
[BlackElo "2025"]
[PlyCount "69"]
[GameId "2160767909292483"]
[EventDate "2013.08.14"]
[EventType "swiss"]
[EventRounds "9"]
[EventCountry "CAN"]
[SourceTitle "hb 2013"]

1. d4 d5 2. c4 c6 3. Nf3 Nf6 4. Qc2 g6 5. Bf4 Bg7 6. e3 O-O 7. Nc3 Nbd7 8. h3 Nb6 9. c5 Nbd7 10. Be2 Re8 11. O-O Nf8 12. b4 N6d7 13. a4 e5 14. Bh2 e4 15. Nd2 f5 16. b5 g5 17. Qb3 Nf6 18. a5 Ng6 19. a6 f4 20. axb7 Bxb7 21. bxc6 Bxc6 22. Ra6 Qc8 23. Rfa1 Nh4 24. exf4 e3 25. Nf3 exf2+ 26. Kxf2 Ne4+ 27. Nxe4 Rxe4 28. Ne5 Bxe5 29. dxe5 Rb8 30. Rxc6 Rxb3 31. Rxc8+ Kg7 32. Rxa7+ Kh6 33. fxg5+ Kxg5 34. Rg8+ Kh6 35. Ra2 1-0

[Event "NAYCC U16"]
[Site "Toronto CAN"]
[Date "2013.08.14"]
[Round "1"]
[White "Wu, Stanley"]
[Black "Lin, Tony (Juntao)"]
[Result "0-1"]
[WhiteElo "1797"]
[BlackElo "2204"]
[PlyCount "62"]
[GameId "2160767909292484"]
[EventDate "2013.08.14"]
[EventType "swiss"]
[EventRounds "9"]
[EventCountry "CAN"]
[SourceTitle "hb 2013"]

1. e4 e6 2. d4 d5 3. exd5 exd5 4. c4 Nf6 5. Nc3 Bb4 6. Bd3 O-O 7. Nge2 c5 8. O-O Nc6 9. Bg5 cxd4 10. Nxd5 Be7 11. Nxe7+ Qxe7 12. Re1 Qe5 13. Bh4 Ng4 14. Bg3 Qc5 15. b3 Nge5 16. Be4 Rd8 17. Nf4 Bg4 18. f3 Be6 19. Bf2 Rac8 20. Qc2 h6 21. Qb2 b5 22. cxb5 Qxb5 23. Bxc6 Rxc6 24. Bxd4 Nxf3+ 25. gxf3 Qg5+ 26. Ng2 Rxd4 27. Rxe6 Rd2 28. Qxd2 Qxd2 29. Rxc6 Qd4+ 30. Kf1 Qxa1+ 31. Kf2 Qxa2+ 0-1

[Event "NAYCC U16"]
[Site "Toronto CAN"]
[Date "2013.08.14"]
[Round "1"]
[White "Xu, Grant"]
[Black "Bao, Tony Bohan"]
[Result "1-0"]
[WhiteElo "2284"]
[BlackElo "1895"]
[PlyCount "65"]
[GameId "2160767909292485"]
[EventDate "2013.08.14"]
[EventType "swiss"]
[EventRounds "9"]
[EventCountry "CAN"]
[SourceTitle "EXT 2022"]
[Source "ChessBase"]
[SourceDate "2021.10.06"]
[SourceVersion "1"]
[SourceVersionDate "2021.10.06"]
[SourceQuality "1"]

1. e4 e6 2. b3 d5 3. Bb2 dxe4 4. Nc3 Nf6 5. Qe2 Nbd7 6. g4 h6 7. Bg2 Be7 8. O-O-O c6 9. Nxe4 Nxe4 10. Bxe4 Nf6 11. Bg2 a5 12. a4 O-O 13. h4 Nd5 14. g5 hxg5 15. hxg5 Bxg5 16. Qh5 f6 17. Qh7+ Kf7 18. Be4 Rg8 19. Nf3 Bf4 20. Qg6+ Ke7 21. Rh7 Qf8 22. Rg1 Bd6 23. Qh6 Kd8 24. Rgxg7 Rxg7 25. Rxg7 e5 26. Qh7 Ne7 27. Rf7 Qg8 28. Rxf6 Qxh7 29. Rf8+ Kd7 30. Bxh7 Ke6 31. Ng5+ Kd7 32. Nf7 Ng6 33. Rd8+ 1-0

[Event "NAYCC U16"]
[Site "Toronto CAN"]
[Date "2013.08.15"]
[Round "2"]
[White "Bao, Tony Bohan"]
[Black "Qian, Lanting"]
[Result "1/2-1/2"]
[WhiteElo "1895"]
[BlackElo "1518"]
[PlyCount "129"]
[GameId "2160767909292486"]
[EventDate "2013.08.14"]
[EventType "swiss"]
[EventRounds "9"]
[EventCountry "CAN"]
[SourceTitle "EXT 2022"]
[Source "ChessBase"]
[SourceDate "2021.10.06"]
[SourceVersion "1"]
[SourceVersionDate "2021.10.06"]
[SourceQuality "1"]

1. Nf3 Nf6 2. c4 c6 3. g3 d5 4. Bg2 g6 5. b3 Bg7 6. Bb2 O-O 7. O-O Bf5 8. d3 Re8 9. Nbd2 Qc8 10. Re1 Bh3 11. Bh1 h6 12. Qc2 Nbd7 13. e4 dxe4 14. dxe4 e5 15. Rad1 Qc7 16. a3 a5 17. Nb1 Rad8 18. Nc3 Nf8 19. Na4 N6h7 20. Bg2 Bxg2 21. Kxg2 Ne6 22. Bc1 Nd4 23. Nxd4 exd4 24. c5 g5 25. f4 gxf4 26. Bxf4 Qd7 27. Qd2 Qe6 28. Rb1 d3 29. Nc3 Qg6 30. e5 Ng5 31. Rbd1 Qf5 32. Bxg5 Qxg5 33. Qxg5 hxg5 34. Re3 d2 35. Nb1 Rxe5 36. Rxe5 Bxe5 37. Rxd2 Rxd2+ 38. Nxd2 Bd4 39. Nc4 Bxc5 40. Nxa5 Bxa3 41. Nxb7 Kf8 42. Na5 c5 43. Nc4 Bb4 44. Kf3 Ke7 45. Ke4 Ke6 46. g4 Be1 47. h3 f6 48. Ne3 Bf2 49. Nc4 Bd4 50. Nb6 Bg1 51. Nc4 Bh2 52. Ne3 Kd6 53. Nd5 Be5 54. Ne3 Kc6 55. Nd5 Ba1 56. Ne3 Kb5 57. Nd5 Kc6 58. Ne3 Bd4 59. Nd5 Kd6 60. Nb6 Kc6 61. Nd5 Be5 62. Ne3 Kb5 63. Nd5 Bd4 64. Kf5 Bb2 65. Ke4 1/2-1/2

[Event "NAYCC U16"]
[Site "Toronto CAN"]
[Date "2013.08.15"]
[Round "2"]
[White "Fu, James"]
[Black "Polavarapu, Satyaveer"]
[Result "1-0"]
[WhiteElo "2233"]
[BlackElo "1186"]
[PlyCount "53"]
[GameId "2160767909292487"]
[EventDate "2013.08.14"]
[EventType "swiss"]
[EventRounds "9"]
[EventCountry "CAN"]
[SourceTitle "EXT 2022"]
[Source "ChessBase"]
[SourceDate "2021.10.06"]
[SourceVersion "1"]
[SourceVersionDate "2021.10.06"]
[SourceQuality "1"]

1. d4 d5 2. c4 e6 3. Nc3 Bb4 4. Nf3 Nc6 5. e3 f6 6. Qb3 Nge7 7. Bd2 O-O 8. Rc1 b6 9. cxd5 exd5 10. Nxd5 Bb7 11. Nxe7+ Kh8 12. Nxc6 Bxd2+ 13. Nxd2 Qd6 14. d5 Bxc6 15. Rxc6 Qd7 16. Be2 Rad8 17. Bf3 Qf7 18. O-O a5 19. Rfc1 a4 20. Qxa4 Rxd5 21. Bxd5 Qxd5 22. Nf3 b5 23. Qb4 Rd8 24. Rxc7 Qxa2 25. Rc8 Rxc8 26. Rxc8+ Qg8 27. Qf8 1-0

[Event "NAYCC U16"]
[Site "Toronto CAN"]
[Date "2013.08.15"]
[Round "2"]
[White "Jeyapragasan, Kuhan"]
[Black "Li, Robert"]
[Result "1-0"]
[WhiteElo "1768"]
[BlackElo "1847"]
[PlyCount "81"]
[GameId "2160767909292488"]
[EventDate "2013.08.14"]
[EventType "swiss"]
[EventRounds "9"]
[EventCountry "CAN"]
[SourceTitle "EXT 2022"]
[Source "ChessBase"]
[SourceDate "2021.10.06"]
[SourceVersion "1"]
[SourceVersionDate "2021.10.06"]
[SourceQuality "1"]

1. d4 Nf6 2. c4 g6 3. Nc3 Bg7 4. e4 d6 5. Be2 O-O 6. Nf3 e5 7. O-O Nc6 8. d5 Ne7 9. b4 Nh5 10. Re1 f5 11. Ng5 Nf6 12. f3 c6 13. Be3 f4 14. Bf2 Nh5 15. c5 h6 16. cxd6 Qxd6 17. Bc5 Qf6 18. d6 Qxg5 19. dxe7 Re8 20. Bc4+ Kh7 21. Bf7 Rxe7 22. Bxe7 Qxe7 23. Bb3 Qxb4 24. Rc1 Bf6 25. Re2 Ng7 26. Rd2 Be7 27. Kf1 Ne6 28. Ne2 Qb6 29. Rb1 Qc7 30. Rc1 Bb4 31. Rd3 Nc5 32. Rd8 Nxb3 33. axb3 Ba5 34. Re8 Qg7 35. Qd6 Bc7 36. Qa3 c5 37. Qxc5 Bb6 38. Qd6 Bd7 39. Re7 Bb5 40. Rxg7+ Kxg7 41. Qxe5+ 1-0

[Event "NAYCC U16"]
[Site "Toronto CAN"]
[Date "2013.08.15"]
[Round "2"]
[White "Lin, Tony (Juntao)"]
[Black "Mattekatt, Joe"]
[Result "1-0"]
[WhiteElo "2204"]
[BlackElo "871"]
[PlyCount "109"]
[GameId "2160767909292489"]
[EventDate "2013.08.14"]
[EventType "swiss"]
[EventRounds "9"]
[EventCountry "CAN"]

1. d4 d5 2. c4 e6 3. Nc3 Nc6 4. Nf3 Nf6 5. Bg5 Be7 6. e3 O-O 7. Bd3 dxc4 8. Bxc4 b6 9. O-O Bb7 10. Rc1 Rc8 11. Qe2 a5 12. Rfd1 Nd5 13. Bxe7 Ncxe7 14. e4 Nf6 15. h3 h6 16. a3 c6 17. a4 Ng6 18. Qe3 Re8 19. b3 Qc7 20. e5 Nd5 21. Nxd5 exd5 22. Bxd5 Qd7 23. Be4 b5 24. Bxg6 fxg6 25. Rc5 bxa4 26. bxa4 Ra8 27. Rb1 Ra7 28. Qc3 Rea8 29. Rc1 Kh7 30. Rd1 Qe6 31. Qc4 Qxc4 32. Rxc4 Re8 33. Nd2 Ra6 34. Rb1 Re7 35. Ne4 Bc8 36. Nc5 Be6 37. Rc3 Ra8 38. Nxe6 Rxe6 39. Rbc1 Rd8 40. Rc4 g5 41. Kf1 g6 42. Ke2 c5 43. Rxc5 Rxd4 44. Rxa5 Re4+ 45. Kd3 R4xe5 46. Rxe5 Rxe5 47. Ra1 Kg7 48. a5 Re8 49. a6 Rd8+ 50. Kc4 Rc8+ 51. Kb5 Rb8+ 52. Kc6 Rb2 53. a7 Rc2+ 54. Kd5 Re2 55. a8=Q 1-0